Knowledge in ancient philosophy (Volume 1) (Record no. 1429642)

MARC details
000 -LEADER
fixed length control field 00477nam a2200181Ia 4500
005 - DATE AND TIME OF LATEST TRANSACTION
control field 20250529151416.0
008 - FIXED-LENGTH DATA ELEMENTS--GENERAL INFORMATION
fixed length control field 008 250516s9999 xx 000 0 eng d
020 ## - INTERNATIONAL STANDARD BOOK NUMBER
International Standard Book Number 9781350446601
040 ## - CATALOGING SOURCE
Language of cataloging eng
Transcribing agency SDCL
041 ## - LANGUAGE CODE
Language code of text/sound track or separate title eng
Source of code eng
084 ## - COLON CLASSIFICATION NUMBER
Classification number Rv'C R4
100 ## - MAIN ENTRY--PERSONAL NAME
Personal name Smith, Nicholas D.
245 #0 - TITLE STATEMENT
Title Knowledge in ancient philosophy (Volume 1)
260 ## - PUBLICATION, DISTRIBUTION, ETC.
Place of publication, distribution, etc. London:
Name of publisher, distributor, etc. Bloomsbury,
Date of publication, distribution, etc. 2024.
300 ## - PHYSICAL DESCRIPTION
Extent viii,271p.
650 ## - SUBJECT ADDED ENTRY--TOPICAL TERM
Topical term or geographic name entry element Philosophy
942 ## - ADDED ENTRY ELEMENTS (KOHA)
Koha item type Textual
Source of classification or shelving scheme Colon Classification (CC)
100 ## - MAIN ENTRY--PERSONAL NAME
-- 322068
999 ## -
-- 1429642
-- 1429642
Holdings
Withdrawn status Lost status Damaged status Not for loan Home library Current library Date acquired Source of acquisition Inventory number Total checkouts Full call number Barcode Date last seen Price effective from Koha item type
        South Campus Library South Campus Library 2025-05-22 Segment Book Distributors 69142, 02/12/2024   Rv'C, R4 SC1690660 2025-05-22 2025-05-22 Textual
Copyright @ Delhi University Library System